000 00433nam a2200157 a 4500
005 20140414132122.0
008 121010s19uu xx 00 eng d
050 _aTR
_bNu974 1992
245 _aA Treasury of nursery rhymes.
260 _aLondon :
_bGrandreams Limited,
_c1992.
300 _a86
650 _anursery rhymes-compilation.
700 _aAnne Mckie (compiler)
700 _aKen Mckie (illustrator)
999 _c115089
_d115089